000 00664nam a2200241Ia 4500
003 OSt
005 20220918220152.0
006 a|||||r|||| 00| 0
007 ta
008 220917b |||||||| |||| 00| 0 eng d
024 _a144,876
037 _cTextual
040 _aARTS
_cARTS
_beng
041 _2eng
_aeng
082 _aY33.275, M4
100 _aBose Pradip Kumar
_9136736
245 0 _aClass in rural society
_b a sociological study of some Bengal village
260 _aDelhil
_bAjanta
_c1984
300 _axv,272p.
_ccm.
650 _aSOCIOLOGY
942 _hY33.275, M4
_cTEXL
_2CC
999 _c267753
_d267753